000 01181nam a2200241 4500
005 20210419172202.0
008 210419s1996 ec a|||fr|||| 001 0 spa d
020 _a9978043780
040 _aCENDOC CAAAP
_bspa
_cCAAAP
041 _aspa
050 _aF 3791.M32
_bC79
100 1 _9892
_aCostales, Piedad Peñaherrera de
245 1 _aHistoria colonial del gobierno de Macas /
_cPiedad y Alfredo Costales.
250 _a1ra ed.
260 _aMorona-Santiago :
_bCasa de la Cultura Ecuatoriana "Benjamín Carrión",
_c1996
300 _a271 p. :
_bilustraciones, mapas ;
_c22 cm.
505 _aContiene : Geografía histórica de la Cordillera de la Candelaría -- Antropología prehispánica de Macas -- Los componentes lingüísticos de los pobladores de pie de montaña -- Antecedentes : Marco histórico -- La gobernación de Juan Salinas de Loyola -- El mestizaje entre los pobladores del pie de montaña -- El Gobierno de Macas de principio de mediados del siglo XVIII --Explotación aurífera
650 1 0 _91678
_aGobierno Local
650 2 0 _98
_aHistoria
_ysiglo XVI-XIX
650 2 0 _9244
_aColonialismo
651 1 0 _92375
_aMacas
_zEcuador
942 _2lcc
_b19 - 04 - 21
_cBK
999 _c995
_d995